000 01269nam a22003255a 4500
003 CO-BoRNBP
005 20241004113754.0
007 ta
008 220207s2011 ck a gr 000 0dspa d
020 _a9789589177655
040 _aCO-BoBLA
_bspa
_cCO-BoBLA
_erda
041 1 _aspa
043 _as-ck---
082 0 4 _a809.89282
_bJ14
_221 ed.
245 0 0 _aJairo Aníbal Niño :
_bcuadernos de literatura infantil colombiana /
_cedición María Fernanda Paz Castillo.
250 _a1a. edición
264 4 _aBogotá :
_bBiblioteca Nacional de Colombia, :
_bMinisterio de Cultura,
_c2011.
300 _a87 páginas :
_bilustraciones ;
_c23 cm.
336 _atexto
_btxt [
_2rdacontent]
337 _asin mediación
_bn [
_2rdamedia]
338 _avolumen
_bnc [
_2rdacarrier]
490 1 _aCuadernos de literatura infantil colombiana. Serie autores ;
_v3
504 _aIncluye bibliografía.
600 1 7 _aNiño, Jairo Aníbal,
_d1941-2010
_x Crítica e interpretación.
_942804
650 7 _aHistoria y crítica de la literatura infantil colombiana.
_2BLAAUTO
_942805
650 7 _aLibros y lectura para niños
_z Colombia.
_2BLAAUTO
_942806
700 1 _aPaz Castillo, María Fernanda,
_d1971-
_eedición.
_942807
942 _2ddc
_cBK
949 _ac
_bn
999 _c38410
_d38410